000 00518nam a2200193Ia 4500
005 20260429112215.0
008 260429s9999||||xx |||||||||||||| ||und||
020 _a9788197458507
041 _aEnglish
082 _a570.285
_bRAO
100 _aRao, Santosh Sriniwasa
245 0 _aBioinformatics and drug discovery /
_cSantosh Sriniwasa Rao
250 _a1st ed.
260 _aJaipur :
_bYking Book,
_c2024.
300 _avi, 264 p.; hb
650 _a Drug discovery
650 _aBioinformatics
942 _cTB
999 _c52895
_d52895